"Am I that name?" : feminism and the category of "women" in history
Αποθηκεύτηκε σε:
| Κύριος συγγραφέας: | |
|---|---|
| Μορφή: | Βιβλίο |
| Γλώσσα: | English |
| Δημοσίευση: |
Minneapolis :
University of Minnesota Press,
1988
|
| Θέματα: | |
| Ετικέτες: |
Προσθήκη ετικέτας
Δεν υπάρχουν, Καταχωρήστε ετικέτα πρώτοι!
|
MARC
| LEADER | 00000nam a2200000 i 4500 | ||
|---|---|---|---|
| 001 | 1/71129 | ||
| 008 | 080118s1988 eng d | ||
| 020 | |a 978-0-8166-4269-4 | ||
| 020 | |a 0-8166-4269-9 | ||
| 035 | |l 10093833 | ||
| 040 | |a GR-MY-UA |b gre |e aacr | ||
| 041 | 0 | |a eng | |
| 082 | 0 | |a 305.4209 |2 (22) | |
| 100 | 1 | |a Riley, Denise |d 1948- | |
| 245 | 1 | 0 | |a "Am I that name?" : |b feminism and the category of "women" in history / |c Denise Riley |
| 260 | |a Minneapolis : |b University of Minnesota Press, |c 1988 | ||
| 300 | |a vi, 126 σ.; |c 23 εκ. | ||
| 504 | |a Βιβλιογραφία: σ. 124-126 | ||
| 650 | 0 | 0 | |a Women |x History. |
| 650 | 0 | 0 | |a Feminism |x History. |
| 852 | |a INST |b LESVOS |e 20080118 |h 305.4209 RIL |p 005100040280 |q 005100040280 |t BK |y 0 | ||
| 901 | |a BIBL1-2008-1 | ||
| 909 | |a Λ |b 142691 | ||
| 922 | |a 1ΕΛΗ |b 200712 |c ΕΠΕΑΕΚ2/ΤΚΑ |d ΕΛΕΥΘΕΡΟΥΔΑΚΗΣ | ||
| 970 | |a ΚΑΡΑ |b ΓΙΑΣΕΜΗ |z 2008/01/18 | ||